| 000 | 01136nam a22002777a 4500 | ||
|---|---|---|---|
| 999 |
_c112975 _d112975 |
||
| 003 | dpl | ||
| 005 | 20190301161846.0 | ||
| 008 | 181003b ||||| |||| 00| 0 eng d | ||
| 010 | _aA-919609 | ||
| 020 | _c40.00 | ||
| 035 | _aA-919609, A-919610, A-919617 | ||
| 037 | _bCen Lib/Ret | ||
| 040 |
_aDPL _bHN _c0 |
||
| 082 |
_a821 _bत्रिवेदी |
||
| 100 |
_aत्रिवेदी, श्याम मोहन _950033 |
||
| 245 |
_aदो मुझे वरदान / _cश्याम मोहन त्रिवेदी |
||
| 246 |
_aDo mujhe vardan / _bby Shyam Mohan Trivedi |
||
| 260 |
_a नयी दिल्ली _bआर्य बुक डिपो _c1997 |
||
| 270 |
_a30, नाईवाला, करोल बाग _bनयी दिल्ली _e110002 |
||
| 300 |
_a64पृ. _c19सेमी(सजिल्द ) |
||
| 650 |
_aहिंदी साहित्य _x _z _950034 |
||
| 650 |
_aहिंदी काव्य _950035 |
||
| 650 |
_aHindi literature _950036 |
||
| 650 |
_aHindi poetry _950037 |
||
| 942 |
_2ddc _cHN _h821 _mत्रिवेदी |
||